<?xml version="1.0" encoding="UTF-8"?>
<record
    xmlns:xsi="http://www.w3.org/2001/XMLSchema-instance"
    xsi:schemaLocation="http://www.loc.gov/MARC21/slim http://www.loc.gov/standards/marcxml/schema/MARC21slim.xsd"
    xmlns="http://www.loc.gov/MARC21/slim">

  <leader>00599nam  2200169   4500</leader>
  <controlfield tag="001">3476</controlfield>
  <datafield tag="090" ind1=" " ind2=" ">
    <subfield code="a">3476</subfield>
  </datafield>
  <datafield tag="100" ind1=" " ind2=" ">
    <subfield code="a">20190729k        u||y0frey50      ba</subfield>
  </datafield>
  <datafield tag="101" ind1=" " ind2=" ">
    <subfield code="a">ita</subfield>
  </datafield>
  <datafield tag="200" ind1=" " ind2=" ">
    <subfield code="a">Johann Philipp Becker ed il risorgimento italiano</subfield>
    <subfield code="b">Brochure</subfield>
    <subfield code="f">Marco Paolino</subfield>
  </datafield>
  <datafield tag="210" ind1=" " ind2=" ">
    <subfield code="a">[Roma]</subfield>
    <subfield code="c">Istituto per la storia del risorgimento italiano</subfield>
    <subfield code="d">1998</subfield>
  </datafield>
  <datafield tag="215" ind1=" " ind2=" ">
    <subfield code="a">pp. 215-237</subfield>
    <subfield code="d">24 cm</subfield>
  </datafield>
  <datafield tag="300" ind1=" " ind2=" ">
    <subfield code="a">Tir&#xE9; &#xE0; part : Rassegna storica del Risorgimento, Anno 85, Fasc. 2, Aprile-Giugno 1998</subfield>
  </datafield>
  <datafield tag="600" ind1=" " ind2=" ">
    <subfield code="9">4171</subfield>
    <subfield code="a">Becker</subfield>
    <subfield code="b">Johann Philipp</subfield>
    <subfield code="f">1809-1886</subfield>
  </datafield>
  <datafield tag="607" ind1=" " ind2=" ">
    <subfield code="9">605</subfield>
    <subfield code="a">Italie</subfield>
  </datafield>
  <datafield tag="700" ind1=" " ind2=" ">
    <subfield code="9">4325</subfield>
    <subfield code="a">Paolino</subfield>
    <subfield code="b">Marco</subfield>
  </datafield>
  <datafield tag="801" ind1=" " ind2=" ">
    <subfield code="a">CH</subfield>
    <subfield code="b">CH-002049-8</subfield>
  </datafield>
  <datafield tag="995" ind1=" " ind2=" ">
    <subfield code="1">0</subfield>
    <subfield code="2">0</subfield>
    <subfield code="3">0</subfield>
    <subfield code="5">2022-12-16</subfield>
    <subfield code="9">4009</subfield>
    <subfield code="b">ARCHIC</subfield>
    <subfield code="c">ARCHIC</subfield>
    <subfield code="e">Brochures</subfield>
    <subfield code="f">4957</subfield>
    <subfield code="h">Marc Vuilleumier</subfield>
    <subfield code="k">Broch 1277</subfield>
    <subfield code="o">1</subfield>
  </datafield>
</record>
